000 00819nam a2200265 a 4500
008
049 _aMAIN
090 _aQA184
_bJOH
100 1 _aJohnston, John B.
245 1 0 _aLinear equations and matrices /
_cJohn B. Johnston, G. Baley Price and Fred S. Van Vleck.
260 _aReading, Mass. :
_bAddison-Wesley,
_cc1966.
300 _aviii, 308 p.
_bill. ;
_c24 cm.
440 _aAddison-Wesley series in behavioral sciences: quantitative methods.
500 _aIncludes index.
650 0 _aMatrices.
650 0 _aAlgebras, Linear.
650 0 _aAlgorithms.
700 1 _aPrice, G. Baley.
700 1 _aVan Vleck, Fred S.
907 _a.b10046501
_b13-09-12
_c17-04-03
003
005 20230123133456.0
040 _cNUST
942 _cBOOKS
_kQA184
_mJOH
999 _c149221
_d149221